000 01421nam0a2200385 4500
001 RU\NLR\bibl\359950
005 20250621160347.0
010 _a5-89117-100-7
_91000
021 _aRU
_b2002-54698
_92659
035 _a(NLR Aleph) 000354568
090 _a297139
_c297139
100 _a20030109d2002 |||y0rusy50 ca
101 0 _arus
102 _aRU
105 _aa |||||||||
200 1 _aРусский алфавит как инструмент научного познания Вселенной
_fАлександр Плешанов
210 _aМ.
_cНовый центр
_d2002
215 _a68 с.
_cил.
_d21
606 0 _aЯзыкознание и эзотерические учения
_92121793
_3RU\NLR\auth\661281155
606 0 _aАлфавит русский
_xНумерология
_92169986
_3RU\NLR\auth\661305403
610 0 _aРусская письменность - Алфавит
610 0 _aЧисла - Символика
610 0 _aЭзотерические учения
675 _a133.5
_v3
_zrus
686 _a02
_2rugasnti
686 _a86.42
_2rubbk
686 _aШ1в2
686 _aЮ224.2
700 1 _aПлешанов
_bА. Д.
_f1946-
_gАлександр Дмитриевич
_4070
801 0 _aRU
_bRKP
_c20030109
_gPSBO
801 1 _aRU
_bRKP
_c20030109
801 2 _aRU
_bNLR
_c20070302
_grcr
942 _cBOOK
980 _aNB